| 000 | 00809nam a2200193 a 4500 | ||
|---|---|---|---|
| 003 | 0 | ||
| 005 | 20250408141124.0 | ||
| 008 | 090804s19uu xx 00 eng d | ||
| 050 |
_aPHS LB 1525 _b.K36 2007 |
||
| 100 | _aKang, Seok Woo. | ||
| 245 |
_aLevel of confidence on the oral communication skills of Korean upper school mainstream students and Korean ILC upper school students / _cKang Seok Woo. |
||
| 260 |
_aLas PiƱas City, Philippines : _bSouthville International School and Colleges, _c2007 |
||
| 300 |
_a52 pages : _billustrations ; _c28 cm. |
||
| 504 | _aIncludes bibliographical references. | ||
| 650 |
_aEnglish language _xSpoken English. |
||
| 650 |
_aEnglish language _xStudy and teaching _vKorean students. |
||
| 650 |
_aOral communication _xStudy and teaching (Secondary). |
||
| 942 |
_2lcc _cPASS |
||
| 999 |
_c97837 _d97837 |
||